000 00606nam a22002051 4500
003 OSt
005 20151207083910.0
008 900725s1969 sp spa
040 _cBMC
082 _a843
100 1 _aGolon, Anne
_937363
245 1 0 _aAngelica se rebela
_cAnne y Serge Golon ; [Traducción Manuel Planás]
260 _aBarcelona
_bCirculo de Lectores
_cD.L. 1969
300 _a432 p.
_c20 cm
546 _aTraducción de: Angélique se révolte
650 2 4 _911443
_aNovela francesa
700 1 _aGolon, Serge
_937566
_d1903-1972
700 1 _aPlanás, Manuel
_937536
942 _2ddc
_cBK
999 _c23908
_d23908